Fallout Lore #1 - Statistics

General Stats
  • This quiz has been taken 463 times
  • The average score is 12 of 24
Answer Stats
Hint Answer % Correct
Vault where the "Vault Dweller" came from Vault 13
80%
The Enclave's super soldier, antagonist of Fallout 2 Frank Horrigan
76%
Pre-war businessman who runs New Vegas Robert House
72%
Name of the player in Fallout 2 The Chosen One
66%
Presenter of Galaxy News Radio Three Dog
65%
RobCo's behemoth, anti-Communist robot Liberty Prime
64%
The name given to Pittsburg The Pitt
64%
Home vault in Fallout 3 Vault 101
64%
Fallout's first un-numbered title Fallout: Tactics
60%
Settlement surrounding New Vegas Freeside
60%
Centre of conflict between the NCR and the Legion Hoover Dam
59%
Presenter of Radio New Vegas Mr New Vegas
58%
City built in a ship in Washington DC Rivet City
53%
Home vault of the NCR and the Great Khans Vault 15
53%
Where the FEV was originally tested Mariposa
41%
The splinter group of the Brotherhood of Steel opposed to the Eastern Brotherhood The Outcasts
40%
The first known successful use of the GECK Vault City
38%
The promising Paladin that led the Brotherhood of Steel East Owen Lyons
36%
Presenter of Diamond City Radio Travis
34%
Name given to the ruins of LA The Boneyard
31%
Prior to the expedition Eastward, which city was the furthest venture of the Brotherhood of Steel? Chicago
18%
The name of Interstate 15 in California The Long 15
14%
Title of the Brotherhood leader over West High Elder
9%
Who met the NCR troops at the Mojave outpost? Nevada Rangers
6%
No matching quizzes found
Score Distribution
Percent of People with Each Score
Percentile by Number Answered
Your Score History
You have not taken this quiz